Statistics for Beatrix Potter Bibliography

Click here to take the quiz!

General Stats

  • This quiz has been taken 8 times
  • The average score is 12 of 35

Answer Stats

TypeYearName% Correct
Children's Book1908The Tale of Jemima Puddle-Duck
100%
Children's Book1902The Tale of Peter Rabbit
100%
Children's Book1904The Tale of Benjamin Bunny
86%
Children's Book1905The Tale of Mrs. Tiggy-Winkle
86%
Children's Book1903The Tale of Squirrel Nutkin
86%
Children's Book1907The Tale of Tom Kitten
86%
Children's Book1903The Tailor of Gloucester
71%
Children's Book1906The Tale of Mr. Jeremy Fisher
71%
Children's Book1909The Tale of the Flopsy Bunnies
71%
Children's Book1904The Tale of Two Bad Mice
71%
Children's Book1908The Tale of Samuel Whiskers or The Roly-Poly Pudding
57%
Children's Book1909The Tale of Ginger and Pickles
43%
Children's Book1918The Tale of Johnny Town-Mouse
43%
Children's Book1910The Tale of Mrs. Tittlemouse
43%
Children's Book1912The Tale of Mr. Tod
43%
Children's Book1906The Story of Miss Moppet
29%
Children's Book1905The Tale of the Pie and the Patty-Pan
29%
Children's Book1911The Tale of Timmy Tiptoes
29%
Children's Book1917Appley Dapply's Nursery Rhymes
14%
Children's Book1922Cecily Parsley's Nursery Rhymes
14%
Children's Book1906The Story of a Fierce Bad Rabbit
14%
Children's Book2016The Tale of Kitty-in-Boots
14%
Children's Book1930The Tale of Little Pig Robinson
14%
Children's Book1925Jemima Puddle-Duck's Painting Book
0%
Children's Book1928Peter Rabbit's Almanac for 1929
0%
Children's Book1911Peter Rabbit's Painting Book
0%
Children's Book2019Red Riding Hood
0%
Children's Book1932Sister Anne
0%
Children's Book1929The Fairy Caravan
0%
Children's Book1971The Sly Old Cat
0%
Children's Book1913The Tale of Pigling Band
0%
Children's Book1955The Tale of the Faithful Dove
0%
Children's Book1973The Tale of Tuppenny
0%
Children's Book1917Tom Kitten's Painting Book
0%
Children's Book1944Wag-by-Wall
0%

Score Distribution

Percentile by Number Answered

Percent of People with Each Score

Your Score History

You have not taken this quiz